[Event "48.C.to  di Cat.Mag. Semif. ITA"]
[Site "Milano ITA"]
[Date "1988.02.15"]
[Round "3.17"]
[White "Paglietti, Nicola"]
[Black "Caizzone, Vito"]
[Result "1-0"]
[WhiteElo "2174"]
[BlackElo "2180"]
[Annotator "Gabriele Ballarin"]
[PlyCount "107"]
[EventDate "1988.02.13"]
[EventType "tourn"]
[EventRounds "9"]
[EventCountry "ITA"]

1. e4 c5 2. Nf3 d6 3. d4 cxd4 4. Nxd4 Nf6 5. Nc3 a6 6. Be2 g6 7. Be3 Bg7 8. f3 Nbd7 9. Qd2 Qc7 10. O-O-O b5 11. g4 b4 12. Nb1 Nc5 13. Nb3 Na4 14. Bd4 Bd7 15. g5 Nh5 16. Bxg7 Nxg7 17. Qxb4 Rb8 18. Qc4 Qd8 19. Na3 O-O 20. h4 Qb6 21. Qxa6 Qe3+ 22. Kb1 Ne6 23. Qd3 Qa7 24. Rhe1 Nec5 25. Qd4 Rb7 26. h5 gxh5 27. Rh1 Rfb8 28. Rxh5 Nxb3 29. cxb3 Qxd4 30. Rxd4 Nc5 31. Bc4 Kg7 32. Rh1 Ne6 33. Bxe6 Bxe6 34. Nc4 Rb5 35. f4 Bg4 36. Re1 Kg6 37. Nd2 f5 38. gxf6 Kxf6 39. Nc4 Kg6 40. Ne3 Bd7 41. Rg1+ Kf7 42. e5 dxe5 43. Rxd7 exf4 44. Nc4 Ke6 45. Rc7 Kf6 46. Re1 Rf8 47. Rcxe7 Rh5 48. R1e6+ Kg5 49. Re5+ Rf5 50. Rxf5+ Kxf5 51. Re5+ Kg4 52. Rxh5 Kxh5 53. a4 f3 54. a5 1-0

[Event "48.C.to  di Cat.Mag. Semif. ITA"]
[Site "Milano ITA"]
[Date "1988.02.15"]
[Round "3.18"]
[White "Lagrotteria, Salvatore"]
[Black "Sottani, Paolo"]
[Result "1-0"]
[WhiteElo "2068"]
[BlackElo "1900"]
[Annotator "Gabriele Ballarin"]
[PlyCount "109"]
[EventDate "1988.02.13"]
[EventType "tourn"]
[EventRounds "9"]
[EventCountry "ITA"]

1. e4 c5 2. Nf3 e6 3. d3 Nc6 4. g3 a6 5. Bg2 d6 6. O-O b5 7. c3 Bb7 8. Re1 Be7 9. Qe2 Qc7 10. d4 e5 11. dxc5 dxc5 12. a4 b4 13. Nbd2 Nf6 14. Nh4 a5 15. Nf5 O-O 16. Nf1 Ba6 17. Qf3 Rfd8 18. Bg5 Ne8 19. Qg4 Bxg5 20. Qxg5 f6 21. Qg4 Kh8 22. N1e3 g6 23. Nh4 Ne7 24. c4 Bc8 25. Qe2 Ra6 26. Rad1 Rad6 27. Rxd6 Qxd6 28. Rd1 Qc7 29. Bf3 Rxd1+ 30. Qxd1 Qd6 31. Qe2 Qd4 32. Nhg2 b3 33. Nd1 Nd6 34. Nge3 Nxe4 35. Bxe4 Qxe4 36. Qd2 Bb7 37. Qd8+ Ng8 38. Kf1 Ba6 39. Qxa5 Bxc4+ 40. Kg1 Be6 41. Qb6 Bd7 42. Nc3 Qd4 43. Qxb3 f5 44. Ned5 f4 45. gxf4 Qd2 46. Qb8 Qe1+ 47. Kg2 exf4 48. Qxf4 Qe6 49. Qe3 Qg4+ 50. Kf1 Qf5 51. Qxc5 Qd3+ 52. Ke1 Bxa4 53. Nxa4 Qe4+ 54. Kd2 Qxa4 55. Qc3+ 1-0

[Event "48.C.to  di Cat.Mag. Semif. ITA"]
[Site "Milano ITA"]
[Date "1988.02.15"]
[Round "3.19"]
[White "Braunberger, Federico"]
[Black "Borgo, Giulio"]
[Result "0-1"]
[WhiteElo "2060"]
[BlackElo "2365"]
[Annotator "Gabriele Ballarin"]
[PlyCount "104"]
[EventDate "1988.02.13"]
[EventType "tourn"]
[EventRounds "9"]
[EventCountry "ITA"]

1. Nf3 c5 2. c4 Nf6 3. g3 d5 4. cxd5 Nxd5 5. Bg2 Nc6 6. O-O e5 7. Qa4 Nb6 8. Qc2 Be7 9. d3 Be6 10. Nc3 Rc8 11. Be3 O-O 12. b3 Nd4 13. Qb2 f6 14. Rac1 Qd7 15. Bxd4 cxd4 16. Ne4 Nd5 17. Rxc8 Rxc8 18. Rc1 Nc3 19. Nxc3 Qc7 20. Rc2 dxc3 21. Qc1 Qa5 22. Ne1 Ba3 23. Qe3 Bc5 24. Qe4 b5 25. e3 b4 26. d4 Bd6 27. f4 f5 28. Qd3 e4 29. Qe2 Qb6 30. g4 Qc6 31. gxf5 Bxf5 32. Qh5 Qd7 33. Qh4 Be7 34. Qg3 Bf6 35. Bf1 a5 36. Bc4+ Kh8 37. Ng2 Qd8 38. Be2 Ra8 39. Bg4 Bxg4 40. Qxg4 a4 41. bxa4 Rxa4 42. h4 h6 43. Qe6 Qg8 44. Qc6 Rxa2 45. Rxa2 Qxa2 46. d5 c2 47. Kh2 c1=Q 48. Qxc1 Qxd5 49. Qc8+ Kh7 50. f5 b3 51. Nf4 Qd2+ 52. Ng2 Be5+ 0-1

[Event "48.C.to  di Cat.Mag. Semif. ITA"]
[Site "Milano ITA"]
[Date "1988.02.16"]
[Round "4.1"]
[White "Sottani, Paolo"]
[Black "Capurro, Giuliano"]
[Result "1/2-1/2"]
[WhiteElo "1900"]
[BlackElo "1976"]
[Annotator "Gabriele Ballarin"]
[PlyCount "62"]
[EventDate "1988.02.13"]
[EventType "tourn"]
[EventRounds "9"]
[EventCountry "ITA"]

1. e4 e5 2. Bc4 Nf6 3. d3 h6 4. Nf3 d6 5. h3 Nc6 6. c3 Be6 7. Bb3 Be7 8. Be3 d5 9. Nbd2 g5 10. Ba4 dxe4 11. Nxe4 Nxe4 12. dxe4 Bd6 13. Bb3 Qe7 14. Bxe6 Qxe6 15. Qb3 Qxb3 16. axb3 O-O 17. g4 Kg7 18. Nd2 a6 19. Nf1 Ne7 20. Ng3 Rad8 21. Ke2 Rd7 22. Rad1 b6 23. b4 a5 24. b5 Ra8 25. Ra1 a4 26. Rhd1 Kf6 27. c4 Ke6 28. Rh1 Ng6 29. Nf5 Bf8 30. Rhd1 Rxd1 31. Kxd1 Nf4 1/2-1/2

[Event "48.C.to  di Cat.Mag. Semif. ITA"]
[Site "Milano ITA"]
[Date "1988.02.16"]
[Round "4.2"]
[White "Quagliarella, Sabino Remo"]
[Black "Braunberger, Federico"]
[Result "0-1"]
[WhiteElo "1900"]
[BlackElo "2060"]
[Annotator "Gabriele Ballarin"]
[PlyCount "50"]
[EventDate "1988.02.13"]
[EventType "tourn"]
[EventRounds "9"]
[EventCountry "ITA"]

1. c4 e5 2. Nc3 Nf6 3. Nf3 Nc6 4. g3 Bc5 5. e3 d6 6. Bg2 Bg4 7. h3 Bf5 8. d3 O-O 9. O-O h6 10. a3 a5 11. d4 Ba7 12. Nb5 e4 13. Nd2 Qd7 14. Kh2 Bb8 15. Nc3 Re8 16. Qb3 b6 17. Qb5 a4 18. Ndxe4 Nxe4 19. d5 Nxc3 20. dxc6 Qe6 21. bxc3 Ra5 22. Qb4 Bxh3 23. Bd5 Qf5 24. Kg1 Rxd5 25. cxd5 Qf3 0-1

[Event "48.C.to  di Cat.Mag. Semif. ITA"]
[Site "Milano ITA"]
[Date "1988.02.16"]
[Round "4.3"]
[White "Calvenzani, Oscar"]
[Black "Biondi, Gualtiero"]
[Result "1-0"]
[WhiteElo "1986"]
[BlackElo "1973"]
[Annotator "Gabriele Ballarin"]
[PlyCount "31"]
[EventDate "1988.02.13"]
[EventType "tourn"]
[EventRounds "9"]
[EventCountry "ITA"]

1. e4 d6 2. d4 Nf6 3. Nc3 g6 4. Be2 Bg7 5. g4 c5 6. Be3 Qa5 7. f3 O-O 8. d5 a6 9. h4 b5 10. Qd2 Rd8 11. h5 b4 12. Nd1 e6 13. hxg6 hxg6 14. Bh6 Bh8 15. Bg5 exd5 16. Rxh8+ 1-0

[Event "48.C.to  di Cat.Mag. Semif. ITA"]
[Site "Milano ITA"]
[Date "1988.02.16"]
[Round "4.4"]
[White "Rizzo, Giovanbattista"]
[Black "Zagallo, Bruno"]
[Result "1-0"]
[WhiteElo "2054"]
[BlackElo "1900"]
[Annotator "Gabriele Ballarin"]
[PlyCount "155"]
[EventDate "1988.02.13"]
[EventType "tourn"]
[EventRounds "9"]
[EventCountry "ITA"]

1. e4 e5 2. Nf3 Nc6 3. Bb5 a6 4. Ba4 Nf6 5. O-O Be7 6. Re1 b5 7. Bb3 O-O 8. d4 d6 9. c3 Bg4 10. d5 Na5 11. Bc2 c5 12. h3 Bd7 13. Nbd2 Ne8 14. Nf1 Bf6 15. a4 g6 16. Ng3 Bg7 17. Qe2 c4 18. axb5 axb5 19. Bg5 Nf6 20. Ra3 Nb7 21. Rea1 Rxa3 22. Rxa3 Nc5 23. Nd2 Qc7 24. b4 cxb3 25. Nxb3 Na4 26. Qf3 Qxc3 27. Qxc3 Nxc3 28. Ra6 Bc8 29. Rxd6 Nd7 30. Rc6 Na2 31. Be7 Re8 32. Bb1 Nb8 33. Rc2 Bb7 34. d6 Nb4 35. d7 Nxd7 36. Bxb4 Nb6 37. Rc7 Ba8 38. Na5 Rc8 39. Rxc8+ Nxc8 40. Bd3 Bh6 41. Bxb5 Na7 42. Bd7 Bf4 43. Ne2 Bg5 44. Bc5 Bd8 45. Bxa7 Bxa5 46. f3 Bb7 47. Kf2 Kg7 48. Ke3 Ba6 49. Nc1 Bd8 50. g3 Bc4 51. Nd3 f6 52. Nc5 Be7 53. f4 exf4+ 54. gxf4 h5 55. Kd4 Be2 56. e5 fxe5+ 57. fxe5 g5 58. Ke4 Kg6 59. Be8+ Kh6 60. Ne6 Bf1 61. Bc5 Bxc5 62. Nxc5 Bxh3 63. Bd7 Bg2+ 64. Kf5 h4 65. e6 Bh3+ 66. Kf6 Bxe6 67. Bxe6 Kh5 68. Kf5 h3 69. Nd3 Kh4 70. Nf2 Kg3 71. Nh1+ Kh4 72. Ke4 g4 73. Kf4 h2 74. Bc8 Kh3 75. Bxg4+ Kg2 76. Bf3+ Kg1 77. Kg3 Kf1 78. Kxh2 1-0

[Event "48.C.to  di Cat.Mag. Semif. ITA"]
[Site "Milano ITA"]
[Date "1988.02.16"]
[Round "4.5"]
[White "Drei, Andrea"]
[Black "Mantovani, Renzo"]
[Result "1-0"]
[WhiteElo "2235"]
[BlackElo "2410"]
[Annotator "Gabriele Ballarin"]
[PlyCount "121"]
[EventDate "1988.02.13"]
[EventType "tourn"]
[EventRounds "9"]
[EventCountry "ITA"]

1. e4 c5 2. Nf3 d6 3. d4 cxd4 4. Nxd4 Nf6 5. Nc3 Nc6 6. Bg5 e6 7. Qd2 Nxd4 8. Qxd4 Be7 9. O-O-O O-O 10. f4 Qa5 11. Bc4 Bd7 12. Rhf1 Bc6 13. f5 b5 14. Bb3 b4 15. Ne2 e5 16. Qe3 Ng4 17. Qd2 Bxg5 18. Qxg5 Nf6 19. Ng3 Qc5 20. Nh5 Nxh5 21. Qxh5 Bxe4 22. Qg4 d5 23. f6 g6 24. Qg5 Rfc8 25. Rd2 a5 26. Qh6 Qf8 27. Qxf8+ Kxf8 28. Bxd5 Bxd5 29. Rxd5 a4 30. Kb1 Re8 31. g4 h6 32. h4 Rad8 33. Rfd1 Rxd5 34. Rxd5 g5 35. hxg5 hxg5 36. Kc1 Kg8 37. Ra5 b3 38. Rxa4 bxa2 39. Rxa2 Re6 40. Ra5 Kh7 41. b4 Kg6 42. b5 e4 43. Ra6 Re5 44. c4 e3 45. Kd1 Re4 46. Rc6 Rxg4 47. Ke2 Rg1 48. Kxe3 Rb1 49. b6 Rb3+ 50. Kf2 g4 51. Kg2 Kh6 52. Rd6 Kg6 53. c5 Kg5 54. Rd7 Rb2+ 55. Kf1 Rb1+ 56. Ke2 g3 57. Rxf7 g2 58. Rg7+ Kxf6 59. Rxg2 Ke6 60. Rg7 Kd5 61. Rc7 1-0

[Event "48.C.to  di Cat.Mag. Semif. ITA"]
[Site "Milano ITA"]
[Date "1988.02.16"]
[Round "4.6"]
[White "Montani, Francesco"]
[Black "Facchetti, Giovanni"]
[Result "1-0"]
[WhiteElo "1979"]
[BlackElo "2106"]
[Annotator "Gabriele Ballarin"]
[PlyCount "141"]
[EventDate "1988.02.13"]
[EventType "tourn"]
[EventRounds "9"]
[EventCountry "ITA"]

1. d4 Nf6 2. Bg5 d6 3. Bxf6 exf6 4. e3 d5 5. Bd3 Be6 6. Nd2 Nd7 7. Qf3 Nb6 8. Ne2 g6 9. h4 Bg7 10. h5 f5 11. Nf4 Qd6 12. hxg6 hxg6 13. Rxh8+ Bxh8 14. a4 Nd7 15. c4 dxc4 16. Bxc4 Bxc4 17. Nxc4 Qb4+ 18. Nd2 Nf6 19. Nd3 Qb6 20. Nc5 c6 21. a5 Qc7 22. Rc1 Bg7 23. a6 b6 24. Nd3 Rc8 25. b4 Nd5 26. b5 Qd7 27. Nc4 f6 28. Qg3 Rc7 29. Qxg6+ Kf8 30. bxc6 Rxc6 31. Ke2 Qe6 32. Qg3 b5 33. Qb8+ Rc8 34. Qd6+ Qxd6 35. Nxd6 Rxc1 36. Nxc1 Nc7 37. Nd3 Ke7 38. Nxf5+ Kf7 39. Nd6+ Ke6 40. Nc8 Nxa6 41. Nxa7 Nc7 42. Nc6 Kd5 43. Na5 Bh6 44. Nb4+ Ke6 45. e4 Bf8 46. Nac6 Kd6 47. f4 Ne6 48. e5+ fxe5 49. fxe5+ Kc7 50. Ke3 Bh6+ 51. Ke4 Bd2 52. d5 Ng5+ 53. Kd4 Nf7 54. Kc5 Bf4 55. d6+ Kd7 56. Nd3 Bg3 57. Kd5 Nxd6 58. Nc5+ Kc7 59. exd6+ Bxd6 60. g4 Bg3 61. Ne6+ Kd7 62. Ned4 Ke8 63. Ke6 Bf4 64. Nxb5 Kf8 65. Kf6 Kg8 66. Nbd4 Bd2 67. Ne6 Bc1 68. Kg6 Ba3 69. g5 Kh8 70. Kf7 Bb2 71. Nf8 1-0

[Event "48.C.to  di Cat.Mag. Semif. ITA"]
[Site "Milano ITA"]
[Date "1988.02.16"]
[Round "4.7"]
[White "Castiglioni, Ferruccio"]
[Black "Pantaleoni, Claudio"]
[Result "0-1"]
[WhiteElo "2030"]
[BlackElo "2080"]
[Annotator "Gabriele Ballarin"]
[PlyCount "118"]
[EventDate "1988.02.13"]
[EventType "tourn"]
[EventRounds "9"]
[EventCountry "ITA"]

1. c4 g6 2. Nc3 Bg7 3. d4 d6 4. Nf3 Nf6 5. g3 O-O 6. Bg2 Nc6 7. O-O Bf5 8. d5 Na5 9. Nd2 c6 10. h3 cxd5 11. cxd5 Rc8 12. e4 Bd7 13. Nb3 Nc4 14. Qe2 Qb6 15. Be3 Nxe3 16. Qxe3 Qxe3 17. fxe3 Nh5 18. g4 Ng3 19. Rfe1 h5 20. Kf2 Be5 21. Bf3 h4 22. Rac1 f5 23. exf5 gxf5 24. Kg2 fxg4 25. Bxg4 Bxg4 26. hxg4 Bxc3 27. Rxc3 Rxc3 28. bxc3 Ne4 29. Re2 Nxc3 30. Rd2 h3+ 31. Kxh3 Rf3+ 32. Kh4 Rxe3 33. Nd4 Re5 34. Nf5 Kf8 35. Rc2 Nxd5 36. Rc8+ Kf7 37. Rb8 Ne3 38. Nxe3 Rxe3 39. Rxb7 Ra3 40. Rb2 d5 41. Rd2 Ra5 42. Kg5 e6 43. Kh6 Ra3 44. Rf2+ Ke7 45. g5 Rh3+ 46. Kg7 d4 47. Rf7+ Kd6 48. Rxa7 d3 49. Ra8 e5 50. g6 e4 51. Rd8+ Kc5 52. Kf6 Kc4 53. Kf5 e3 54. g7 Rg3 55. Kf4 e2 56. Kxg3 e1=Q+ 57. Kf3 Qf1+ 58. Ke4 Qg2+ 59. Ke3 Qg5+ 0-1

[Event "48.C.to  di Cat.Mag. Semif. ITA"]
[Site "Milano ITA"]
[Date "1988.02.16"]
[Round "4.8"]
[White "Borgo, Giulio"]
[Black "Visentin, Claudio"]
[Result "1-0"]
[WhiteElo "2365"]
[BlackElo "2017"]
[Annotator "Gabriele Ballarin"]
[PlyCount "103"]
[EventDate "1988.02.13"]
[EventType "tourn"]
[EventRounds "9"]
[EventCountry "ITA"]

1. e4 e6 2. d4 d5 3. Nc3 Bb4 4. Nge2 dxe4 5. a3 Be7 6. Nxe4 Nc6 7. Bf4 Nf6 8. Qd3 O-O 9. O-O-O b6 10. Nxf6+ Bxf6 11. Qg3 Bh4 12. Qe3 Bb7 13. Nc3 Ne7 14. Bd3 Ng6 15. Bxg6 fxg6 16. Bg3 Bxg2 17. Qxe6+ Kh8 18. Rhe1 Bb7 19. d5 Bc8 20. Qe4 Bxg3 21. fxg3 Qg5+ 22. Qe3 Qh5 23. Rd2 Bd7 24. Rf2 h6 25. Rxf8+ Rxf8 26. Qd2 Kh7 27. Kb1 Rf7 28. Re4 Bf5 29. Re2 Rd7 30. Qe3 a5 31. b3 g5 32. Kb2 Qg6 33. Qe5 Qf6 34. a4 Kg6 35. Qe8+ Kh7 36. Qe5 Kg6 37. Re3 Qxe5 38. Rxe5 Kf6 39. Re8 Bg6 40. Re6+ Kf7 41. Rc6 Bf5 42. d6 Rxd6 43. Rxd6 cxd6 44. Nd5 b5 45. axb5 Be4 46. c4 Ke8 47. b6 Bxd5 48. cxd5 Kd7 49. Ka3 Kc8 50. Ka4 Kb7 51. Kxa5 g4 52. Kb5 1-0

[Event "48.C.to  di Cat.Mag. Semif. ITA"]
[Site "Milano ITA"]
[Date "1988.02.16"]
[Round "4.9"]
[White "Vezzosi, Paolo"]
[Black "Ratti, Ruggero"]
[Result "1-0"]
[WhiteElo "2270"]
[BlackElo "2291"]
[Annotator "Gabriele Ballarin"]
[PlyCount "93"]
[EventDate "1988.02.13"]
[EventType "tourn"]
[EventRounds "9"]
[EventCountry "ITA"]

1. e4 c5 2. Nf3 e6 3. d4 cxd4 4. Nxd4 Nf6 5. Nc3 d6 6. Be3 a6 7. Qd2 b5 8. f3 Nbd7 9. g4 h6 10. O-O-O Bb7 11. Bd3 Ne5 12. Qf2 Rc8 13. h4 g6 14. Kb1 h5 15. gxh5 Rxh5 16. Bg5 Be7 17. Nce2 Qb6 18. Ng3 Rh8 19. Be3 Qc7 20. Qe2 Nc4 21. f4 e5 22. Nb3 a5 23. fxe5 dxe5 24. Bc1 Nh5 25. Nxh5 Rxh5 26. Qe1 a4 27. Nd2 Qc6 28. Nf3 b4 29. Qe2 Kf8 30. Ng5 Nd6 31. Rde1 a3 32. b3 Qc3 33. Qd2 Qd4 34. Rhf1 Kg7 35. Rxf7+ Nxf7 36. Ne6+ Kh7 37. Nxd4 exd4 38. Qf2 Ne5 39. Bg5 Bf8 40. Qxd4 Re8 41. Bb5 Re6 42. Bd7 Nf3 43. Qf2 Nxg5 44. Bxe6 Nxe6 45. Qf7+ Kh6 46. Qxe6 Bg7 47. Rg1 1-0

[Event "48.C.to  di Cat.Mag. Semif. ITA"]
[Site "Milano ITA"]
[Date "1988.02.16"]
[Round "4.10"]
[White "Paglietti, Nicola"]
[Black "Valenti, Giuseppe"]
[Result "1/2-1/2"]
[WhiteElo "2174"]
[BlackElo "2245"]
[Annotator "Gabriele Ballarin"]
[PlyCount "86"]
[EventDate "1988.02.13"]
[EventType "tourn"]
[EventRounds "9"]
[EventCountry "ITA"]

1. e4 c5 2. Nf3 e6 3. d4 cxd4 4. Nxd4 a6 5. Be2 Qc7 6. O-O Nf6 7. Bf3 Be7 8. Re1 d6 9. a4 Nbd7 10. Nc3 O-O 11. Nb3 Ne5 12. Be2 b6 13. f4 Nc6 14. Be3 Rb8 15. Bf3 Rd8 16. Qe2 Nd7 17. Rad1 Bf6 18. Qc4 Bb7 19. Bd4 Rbc8 20. Bxf6 Nxf6 21. Qe2 Ne7 22. g4 Ng6 23. Qe3 h6 24. h3 e5 25. f5 Nf4 26. Kh2 d5 27. exd5 e4 28. d6 Qc6 29. Qxf4 exf3 30. Kg3 f2 31. Qxf2 Rxd6 32. Qf4 Qg2+ 33. Kh4 g5+ 34. fxg6 fxg6 35. Qxh6 Qf2+ 36. Kg5 Nh7+ 37. Qxh7+ Kxh7 38. Re7+ Kg8 39. Rxd6 Ba8 40. Rxg6+ Kh8 41. Rh6+ Kg8 42. Rg6+ Kh8 43. Rh6+ Kg8 1/2-1/2

[Event "48.C.to  di Cat.Mag. Semif. ITA"]
[Site "Milano ITA"]
[Date "1988.02.16"]
[Round "4.11"]
[White "Ricci, Marco"]
[Black "Caizzone, Vito"]
[Result "0-1"]
[WhiteElo "2022"]
[BlackElo "2180"]
[Annotator "Gabriele Ballarin"]
[PlyCount "134"]
[EventDate "1988.02.13"]
[EventType "tourn"]
[EventRounds "9"]
[EventCountry "ITA"]

1. e4 c5 2. Nf3 d6 3. d4 cxd4 4. Qxd4 Nc6 5. Bb5 Bd7 6. Bxc6 Bxc6 7. Nc3 Nf6 8. Bg5 h6 9. Bh4 g5 10. Bg3 Bg7 11. O-O-O Qa5 12. Qd3 Nd7 13. Nd4 Nc5 14. Qe3 Bd7 15. Nd5 Rc8 16. Kb1 Na4 17. Rhe1 Be6 18. Nxe6 fxe6 19. Nxe7 Nc3+ 20. bxc3 Bxc3 21. Rd3 Qb4+ 22. Kc1 Qb2+ 23. Kd1 Kxe7 24. Bxd6+ Kf7 25. Rf1 Ba5 26. Qc1 Qb5 27. Qa1 Bc3 28. Qc1 Rhd8 29. f4 Rxd6 30. fxg5+ Kg8 31. Rff3 Rcd8 32. Ke2 Rxd3 33. Rxd3 Rxd3 34. cxd3 Qb2+ 35. Qxb2 Bxb2 36. gxh6 Kh7 37. Ke3 e5 38. Kd2 Kxh6 39. Kc2 Bd4 40. Kb3 Kg5 41. Kc4 Bg1 42. h3 Bf2 43. Kd5 Kf6 44. g4 Bh4 45. Kd6 b6 46. a4 Bf2 47. g5+ Kxg5 48. Kxe5 Kg6 49. d4 Kf7 50. d5 Bg3+ 51. Kf5 a6 52. e5 b5 53. axb5 axb5 54. Ke4 b4 55. e6+ Kf6 56. Kd4 Bd6 57. Ke4 Kg5 58. Kd4 Kf5 59. Kc4 Bf8 60. Kb3 Kg5 61. Kc4 Kh4 62. Kd4 Bd6 63. Kc4 Kxh3 64. Kb5 b3 65. Kc6 b2 66. Kxd6 b1=Q 67. e7 Qe4 0-1

[Event "48.C.to  di Cat.Mag. Semif. ITA"]
[Site "Milano ITA"]
[Date "1988.02.16"]
[Round "4.12"]
[White "Caposciutti, Maurizio"]
[Black "Tirabassi, Maurizio"]
[Result "1-0"]
[WhiteElo "2181"]
[BlackElo "2211"]
[Annotator "3h 50'"]
[PlyCount "59"]
[EventDate "1988.02.13"]
[EventType "tourn"]
[EventRounds "9"]
[EventCountry "ITA"]

1. e4 c5 2. Nf3 e6 3. Nc3 Nc6 4. d4 cxd4 5. Nxd4 a6 6. g3 Qc7 7. Bg2 Nf6 8. O-O d6 9. Re1 Bd7 10. Nd5 exd5 11. exd5+ Ne7 12. c4 O-O-O 13. b4 Kb8 14. Qb3 Rc8 15. c5 Nf5 16. Nxf5 Bxf5 17. Bf4 Nh5 18. Be3 Be7 19. Rac1 Qd7 20. c6 Qc7 21. b5 b6 22. bxa6 Bd8 23. a4 Ka8 24. a5 Rb8 25. axb6 Rxb6 26. Bxb6 Qxb6 27. Qc4 Bc8 28. Rb1 Qa5 29. Ra1 Re8 30. Reb1 1-0

[Event "48.C.to  di Cat.Mag. Semif. ITA"]
[Site "Milano ITA"]
[Date "1988.02.16"]
[Round "4.13"]
[White "Brovelli, Claudio"]
[Black "Leoni, Leopoldo"]
[Result "1/2-1/2"]
[WhiteElo "2017"]
[BlackElo "2126"]
[Annotator "Gabriele Ballarin"]
[PlyCount "84"]
[EventDate "1988.02.13"]
[EventType "tourn"]
[EventRounds "9"]
[EventCountry "ITA"]

1. d4 d5 2. Nf3 Nf6 3. e3 Bf5 4. c4 c6 5. Nc3 e6 6. Qb3 Qc7 7. Bd2 Nbd7 8. Rc1 Qb6 9. Be2 Be7 10. O-O O-O 11. h3 h6 12. Rfd1 Ne4 13. Be1 Rfd8 14. Na4 Qxb3 15. axb3 Rdc8 16. c5 Bd8 17. Nd2 Nxd2 18. Bxd2 e5 19. dxe5 Nxe5 20. Bc3 Bc7 21. Bd4 Re8 22. b4 a6 23. b3 Rad8 24. Nc3 Nd7 25. Rd2 Nf8 26. Bf1 Ne6 27. Ne2 Ng5 28. Nc3 Ne6 29. Ne2 f6 30. Ba1 Kf7 31. Nd4 Bg6 32. Nf3 Bh5 33. Nd4 Ng5 34. Bd3 Bg6 35. Bxg6+ Kxg6 36. Ne2 Kf7 37. Rcd1 a5 38. bxa5 Bxa5 39. Rd4 Ne6 40. Ra4 Bc7 41. Bd4 Be5 42. Ra7 Re7 1/2-1/2

[Event "48.C.to  di Cat.Mag. Semif. ITA"]
[Site "Milano ITA"]
[Date "1988.02.16"]
[Round "4.14"]
[White "Marinelli, Tullio"]
[Black "Martorelli, Antonio"]
[Result "1-0"]
[WhiteElo "2153"]
[BlackElo "2235"]
[Annotator "Gabriele Ballarin"]
[PlyCount "77"]
[EventDate "1988.02.13"]
[EventType "tourn"]
[EventRounds "9"]
[EventCountry "ITA"]

1. d4 Nf6 2. c4 g6 3. Nc3 Bg7 4. e4 d6 5. f3 O-O 6. Be3 Nc6 7. Nge2 Rb8 8. Qd2 a6 9. Nc1 e5 10. d5 Nd4 11. Nb3 c5 12. dxc6 bxc6 13. Nxd4 exd4 14. Bxd4 Qa5 15. Be2 Be6 16. Rc1 d5 17. cxd5 cxd5 18. e5 Nd7 19. f4 f6 20. O-O Qb4 21. Qe3 fxe5 22. fxe5 Bh6 23. Qxh6 Qxd4+ 24. Kh1 Rxb2 25. Rxf8+ Nxf8 26. Qg5 a5 27. Rf1 Rb8 28. Nb5 Qe4 29. Qd2 Qxe5 30. Nd4 a4 31. Bf3 Bd7 32. Re1 Qd6 33. Qa5 Qb4 34. Qxd5+ Kg7 35. Qe5+ Kh6 36. h4 Re8 37. Qf4+ Kg7 38. Ne6+ Rxe6 39. Qxb4 1-0

[Event "48.C.to  di Cat.Mag. Semif. ITA"]
[Site "Milano ITA"]
[Date "1988.02.16"]
[Round "4.15"]
[White "Pernisco, Ermanno"]
[Black "Altini, Daniele"]
[Result "1/2-1/2"]
[WhiteElo "2080"]
[BlackElo "2020"]
[Annotator "Gabriele Ballarin"]
[PlyCount "88"]
[EventDate "1988.02.13"]
[EventType "tourn"]
[EventRounds "9"]
[EventCountry "ITA"]

1. Nf3 c5 2. c4 Nc6 3. Nc3 g6 4. g3 Bg7 5. Bg2 Nf6 6. d4 cxd4 7. Nxd4 O-O 8. O-O Nxd4 9. Qxd4 d6 10. Qd2 Rb8 11. b3 Bd7 12. Bb2 Bc6 13. e4 a6 14. Rfd1 Qc7 15. Rac1 Rfc8 16. Nd5 Bxd5 17. cxd5 Qd7 18. Bc3 Ne8 19. Ba5 Rxc1 20. Rxc1 Rc8 21. h4 Rxc1+ 22. Qxc1 Bd4 23. Qd2 Bc5 24. Kh2 Nf6 25. f3 Qb5 26. Bc3 Nd7 27. Qd1 Ba7 28. Bb2 Qc5 29. Qc1 Ne5 30. Qxc5 Bxc5 31. Bxe5 dxe5 32. Bh3 b6 33. Kg2 a5 34. Kf1 Kf8 35. Bd7 Kg7 36. Ke2 Kf6 37. Bg4 h6 38. Bd7 Bb4 39. g4 h5 40. gxh5 gxh5 41. Kf2 Bd6 42. Bb5 Kg6 43. Be2 Bc5+ 44. Kg3 Be3 1/2-1/2

[Event "48.C.to  di Cat.Mag. Semif. ITA"]
[Site "Milano ITA"]
[Date "1988.02.16"]
[Round "4.16"]
[White "Iudicello, Massimo"]
[Black "Lagrotteria, Salvatore"]
[Result "1-0"]
[WhiteElo "1914"]
[BlackElo "2068"]
[Annotator "Gabriele Ballarin"]
[PlyCount "79"]
[EventDate "1988.02.13"]
[EventType "tourn"]
[EventRounds "9"]
[EventCountry "ITA"]

1. e4 e5 2. Nf3 Nf6 3. Nxe5 d6 4. Nf3 Nxe4 5. d4 d5 6. Bd3 Be7 7. O-O Nc6 8. Re1 Bg4 9. Bxe4 dxe4 10. Rxe4 Bxf3 11. Qxf3 Nxd4 12. Qd3 Ne6 13. Qe2 O-O 14. Bd2 Bf6 15. Bc3 Nc5 16. Re3 Bg5 17. Re5 Na4 18. b3 Nxc3 19. Nxc3 Bf6 20. Re3 Bxc3 21. Rxc3 Qf6 22. Qc4 Rad8 23. Qxc7 Rd2 24. Rf1 Qa6 25. a4 Re8 26. Qc4 Qg6 27. Rd3 Rxd3 28. cxd3 h6 29. h3 Re2 30. Qc8+ Kh7 31. Qxb7 Qxd3 32. Qxf7 Rb2 33. Re1 Rxb3 34. Re8 Rb1+ 35. Kh2 Qd6+ 36. g3 Rb6 37. Qf5+ Qg6 38. Qc8 Qf6 39. Rf8 Rc6 40. Qe8 1-0

[Event "48.C.to  di Cat.Mag. Semif. ITA"]
[Site "Milano ITA"]
[Date "1988.02.16"]
[Round "4.17"]
[White "Lagumina, Giulio"]
[Black "Sarno, Spartaco"]
[Result "0-1"]
[WhiteElo "2106"]
[BlackElo "2245"]
[Annotator "Gabriele Ballarin"]
[PlyCount "78"]
[EventDate "1988.02.13"]
[EventType "tourn"]
[EventRounds "9"]
[EventCountry "ITA"]

1. e4 e5 2. f4 d5 3. exd5 c6 4. Nc3 exf4 5. Nf3 Bd6 6. d4 Ne7 7. dxc6 bxc6 8. Bc4 O-O 9. O-O Ng6 10. Ne4 Ba6 11. Nxd6 Qxd6 12. Bxa6 Nxa6 13. c3 Nc7 14. Qd3 Ne6 15. h4 Qd5 16. Bd2 Rad8 17. b3 Qh5 18. Qe4 c5 19. Rad1 cxd4 20. cxd4 Rfe8 21. Be1 h6 22. Qc2 Rd5 23. Bf2 Red8 24. Rfe1 R5d7 25. Qe4 Qa5 26. Re2 Rd5 27. Red2 h5 28. Kh1 R8d7 29. Rc2 Qd8 30. Rdc1 Qa5 31. a4 Rd8 32. Rc6 Re8 33. b4 Qxb4 34. Qxd5 Ne7 35. Qd7 Rd8 36. Rxe6 Rxd7 37. Rc8+ Nxc8 38. Re8+ Qf8 39. Rxf8+ Kxf8 0-1

[Event "48.C.to  di Cat.Mag. Semif. ITA"]
[Site "Milano ITA"]
[Date "1988.02.16"]
[Round "4.18"]
[White "Gongalov, Bojan"]
[Black "Quinto, Gianni"]
[Result "0-1"]
[WhiteElo "2008"]
[BlackElo "2085"]
[Annotator "Gabriele Ballarin"]
[PlyCount "100"]
[EventDate "1988.02.13"]
[EventType "tourn"]
[EventRounds "9"]
[EventCountry "ITA"]

1. e4 e6 2. b3 d5 3. Bb2 c5 4. exd5 exd5 5. Bb5+ Bd7 6. Qe2+ Qe7 7. Qxe7+ Nxe7 8. Bxd7+ Nxd7 9. Nf3 f6 10. d4 Nc6 11. O-O cxd4 12. Nxd4 Kf7 13. Rd1 Rd8 14. Nc3 Nde5 15. Ncb5 Bc5 16. Nf5 g6 17. Nh6+ Kg7 18. Bc1 Rd7 19. c3 d4 20. Bf4 Rhd8 21. b4 Bb6 22. a4 a6 23. a5 axb5 24. axb6 dxc3 25. Rdc1 Nd3 26. g3 Nxc1 27. Bxc1 Rd1+ 28. Kg2 Nxb4 29. Ng4 Nd3 30. Bh6+ Kf7 31. Rxd1 Nf4+ 32. Bxf4 Rxd1 33. Ne3 Ra1 34. Nc2 Ra2 35. Nb4 Rb2 36. Nc6 Ke8 37. Na5 Kd7 38. Nxb7 Kc6 39. Nc5 Kxb6 40. Be3 Kc6 41. Ne6 Kd5 42. Nd4 b4 43. Kf3 b3 44. Nb5 Kc4 45. Nd6+ Kd3 46. Ne4 c2 47. Nc5+ Kc4 48. Ke4 Ra2 49. Nb7 b2 50. Nd6+ Kb3 0-1